| 000 | 00491nam a2200157 4500 | ||
|---|---|---|---|
| 001 | 109357 | ||
| 003 | ES-MaACL | ||
| 005 | 20230906184828.0 | ||
| 007 | t| | ||
| 008 | 061121s1913 sp r ||||1| spa d | ||
| 100 | 1 |
_aOlmedilla y Puig, Joaquín, _d1842-1914 _986949 |
|
| 245 | 1 | 0 |
_aReseña histórica de la Facultad de Farmacia de Madrid / _cJoaquín Olmedilla y Puig. |
| 260 |
_aMadrid : _b[s.n.], _c1913 ( _fImp. Paredes) |
||
| 852 |
_aES-MaACL _jT-1362-F-8 |
||
| 999 |
_c109357 _d109357 |
||